00647nam a2200181Ia 4500008004100000020001500041041001200056082001100068100002300079245010800102260003200210300000800242650001600250700001900266942000700285999001500292952015800307221030s9999 xx 000 0 und d a8173198687 aEnglish a105.23 aD. K. Bhattacharya 0aNetworks, Security & Soft Computing - Trends & Future Directionscby D. K. Bhattacharya, S. M. Hazarika bNarosa PubaNew Delhic2007 a238 aBE Computer aS. M. Hazarika cBK c5530d5530 pBE 9192g495.00l0o105.23 r2024-06-13 00:00:00w2022-10-30yBK003Print4071aMIETLIBbMIETLIBcBL-Second, FL-1, CUP-55, SH-6, R-6d2008-02-2610HBE